Gender mainstreaming and its significance for development /
Se comenta acerca de dos programas de ayuda: PROSGIP y ProGender, donde los proyectos integran la igualdad de genero y como pueden éstas experiencias ser aprovechadas por el IFAD
Kaydedildi:
| Yazar: | |
|---|---|
| Diğer Yazarlar: | |
| Materyal Türü: | Metin |
| Dil: | Spanish |
| Baskı/Yayın Bilgisi: |
Rome:
CEDLA
|
| Konular: | |
| Etiketler: |
Etiketle
Etiket eklenmemiş, İlk siz ekleyin!
|
MARC
| LEADER | 00000 a a2200000 04500 | ||
|---|---|---|---|
| 001 | 37433 | ||
| 003 | cru IIS | ||
| 005 | 20230629134304.0 | ||
| 008 | 230629b |||||||| |||| 00| 0 spa d | ||
| 020 | |a 92-9072-043-3 | ||
| 040 | |c CRAI/IIS | ||
| 090 | |a 0003 V297p | ||
| 100 | |a Vargas - Lundius, Rosemary | ||
| 245 | |a Gender mainstreaming and its significance for development / |c Rosemary Vargas - Lundius | ||
| 260 | |a Rome: |b CEDLA | ||
| 300 | |a 99-122 p. |b il. | ||
| 520 | |a Se comenta acerca de dos programas de ayuda: PROSGIP y ProGender, donde los proyectos integran la igualdad de genero y como pueden éstas experiencias ser aprovechadas por el IFAD | ||
| 650 | |a GENERO | ||
| 650 | |a IGUALDAD DE GENERO | ||
| 700 | |a Ypeij, Annelou |a colab. | ||
| 773 | 0 | |0 6331 |9 9407 |a Vargas - Lundius, Rosemary |d Rome: CEDLA |o 04568 |t Polishing the stone: a journey through the promotion of gender equality in development projects / |w ()37411 |z 92-9072-043-3 | |
| 942 | |2 ddc |c LI | ||
| 999 | |c 11336 |d 11336 | ||



